Miami Marlins Managers by Picture - Statistics

General Stats
  • This quiz has been taken 20 times
  • The average score is 9 of 16
Answer Stats
Picture Hint Answer % Correct
2016-2022 Don Mattingly
100%
2003-2005 | 2011 Jack McKeon
100%
1997-1998 Jim Leyland
100%
2012 Ozzie Guillén
94%
2006 Joe Girardi
88%
2007-2010 Fredi González
63%
2023-Present Skip Schumaker
56%
2001 Tony Pérez
56%
2002-2003 Jeff Torborg
44%
1993-1996 Rene Lachemann
44%
1996 Cookie Rojas
31%
1996 | 1999-2001 John Boles
31%
2013-2015 Mike Redmond
31%
2015 Dan Jennings
13%
2010-2011 Edwin Rodríguez
13%
2011 Brandon Hyde
6%
No matching quizzes found
Score Distribution
Percent of People with Each Score
Percentile by Number Answered
Your Score History
You have not taken this quiz